Statistics for Barcelona FC Top Goalscorers

Click here to take the quiz!

General Stats

  • This quiz has been taken 60 times
  • The average score is 5 of 10

Answer Stats

GoalsAnswer% Correct
577Lionel Messi
100%
167Luis Suarez
86%
105Neymar
75%
130Samuel Eto'o
70%
94Ronaldinho
64%
133Rivaldo
48%
123Patrick Kluivert
30%
99Pedro
29%
114Hristo Stoichkov
20%
110Luis Enrique
9%

Score Distribution

Percentile by Number Answered

Percent of People with Each Score

Your Score History

You have not taken this quiz